| 000 | 00920nam a22002777a 4500 | ||
|---|---|---|---|
| 003 | DO-SdBPM | ||
| 005 | 20250306123726.0 | ||
| 008 | 210426b2006 ch 00| 0 spa d | ||
| 020 | _a9787802002302 | ||
| 040 |
_aDO-SdBPM _bspa _cBPMSU _erda |
||
| 082 | 4 |
_a951 _bC753c 2006 _222 |
|
| 092 | _a | ||
| 245 | 0 | 0 |
_aConocimientos comunes de la historia China _c |
| 260 |
_a[China] : _bSonolingua ; _bThe Overseas Chinese Affairs Office of the State Council, _c2006 _b |
||
| 300 |
_a258 p. : _c26 cm. |
||
| 500 | 0 |
_a _3 |
|
| 546 | _aTexto bilingüe en español y chino. | ||
| 590 | _aInventariado, 2025/VM | ||
| 651 | 4 |
_aChina _x Historia. |
|
| 651 | 4 |
_aChina _xHistoria militar. |
|
| 651 | 4 |
_aChina _xCondiciones sociales _xHistoria. |
|
| 651 | 4 |
_aChina _xCivilización. |
|
| 710 | 1 |
_aChina. _bOverseas Chinese Affairs Office of the State Council. |
|
| 910 | _aVMateo V. Control de calidad. BPMSU | ||
| 942 |
_2ddc _cBK |
||
| 999 |
_c14989 _d14989 |
||